LEADER 01451nam a2200349 u 4500 001 000000052098 003 CaOOAMICUS 005 20070226115418.0 008 001006s1984 it u000 u ita u 020 $a8815005196 035 $a10857525 040 $aPUL(R)$bita$dPUL(R) 100 1 $aCardia, Carlo.$0(OLS)http://pul/name/7644 245 13$aIl governo della Chiesa /$cCarlo Cardia. 260 $aBologna :$bIl Mulino,$c1984. 300 $a309 p. ;$c21 cm 490 1 $aLa nuova scienza.$aSerie di diritto 500 $aInclude indici. 504 $aBibliografia in nota a pie' pagina. 650 0$aCanon law.$2//eng$0(OLS)http://pul/subject/1600 830 3$aLa nuova scienza.$pSerie di diritto.$0(OLS)http://pul/title/11110 850 $aPUL 852 $aPUL$W1$xSL Diritto Canonico 3$y77$m262. 99 CAN.2 26$j68914$nBK-PRI$b $qDDC 21$B68914$CPULBib$Z2$F68914 $82 852 $aPUL$W1$xCollocazioni Temporanee$y24$mGP2 A IV.39$j68915$nBK-PRI$b $qStampati$B68915$CPULBib$Z2$F68915 $81 852 $aPUL$W1$xDP1 Fondo G. Barberini$y122$m3 D 5$j166297$nBK-PRI$b 3 copia$qFondi$B179121$CPULBib$Z2$F179121 $HBar336 $81 941 1 $a9 941 1 $a1 941 1 $a8 961 $aINV: 0197 996 $6020$a8815005196$9(OLS)http://pul/number/9798 996 $6245$aIl governo della Chiesa$9(OLS)http://pul/title/11109 996 $6260$aBologna :$bIl Mulino$9(OLS)http://pul/publisher/47928 LEADER 01739nam a2200361 a 4500 001 000000128945 003 CaOOAMICUS 005 20130408163546.0 008 120518s2011 it u000 u ita r 020 $a978-88-13-31706-5 040 $aPUL$bita 082 04$a345.4505 100 1 $aCrespi, Alberto.$0(OLS)http://pul/name/15775 245 10$aCommentario breve al Codice penale :$bcomplemento giurisprudenziale /$cAlberto Crespi, Giuseppe Zuccalà, Gabrio Forti ; a cura di Giuseppe Zuccalà ; con la collaborazione di Aurelio Barazzetta ... [et al.]. 250 $a12. ed. con acluso CD contenente il testo completo delle più recenti sentenze richiamate. 260 $aPadova :$bCEDAM,$c2011. 300 $aXXXII, 2821 p. ;$c24 cm+$e1 Cd-Rom 490 1 $aBreviaria Iuris 500 $aTesto su due colonne. 630 04$aCodice penale$zItalia.$0(OLS)http://pul/subject/12325 650 4$aDiritto penale$zItalia.$0(OLS)http://pul/subject/10217 700 1 $aForti, Gabrio,$d1953-$0(OLS)http://pul/name/69491 700 1 $aZuccalà, Giuseppe.$0(OLS)http://pul/name/15776 700 1 $aBarazzetta, Aurelio.$0(OLS)http://pul/name/40837 830 0$aBreviaria Iuris.$0(OLS)http://pul/title/8521 850 $aPUL 852 $aPUL$W1$xDP2 Diritto e Scienze Sociali 3$y110$m348. 45 BCOLL 39$j149335$qDDC 21$B147858$CPULBib$Z2$F147858 $H119630 $82 941 1 $a9 996 $6020$a978-88-13-31706-5$9(OLS)http://pul/number/149721 996 $6082$a345.4505$9(OLS)http://pul/classification/385 996 $6245$aCommentario breve al Codice penale :$bcomplemento giurisprudenziale$9(OLS)http://pul/title/64872 996 $6260$aPadova :$bCEDAM$9(OLS)http://pul/publisher/48126